Synthetic Bible studies. (Record no. 16386)

000 -LEADER
fixed length control field 00553nam a2200181 a 4500
001 - CONTROL NUMBER
control field :::00019269$&:&@@
003 - CONTROL NUMBER IDENTIFIER
control field OkBaRHE
005 - DATE AND TIME OF LATEST TRANSACTION
control field 20010301095245.0
008 - FIXED-LENGTH DATA ELEMENTS--GENERAL INFORMATION
fixed length control field s1923 j 000 0 eng u
040 ## - CATALOGING SOURCE
Transcribing agency
100 1# - MAIN ENTRY--PERSONAL NAME
Personal name Gray, James M.
245 10 - TITLE STATEMENT
Title Synthetic Bible studies.
260 ## - PUBLICATION, DISTRIBUTION, ETC. (IMPRINT)
Place of publication, distribution, etc New York, NY., :
Name of publisher, distributor, etc Fleming H. Revell Co.
Date of publication, distribution, etc c1923
300 ## - PHYSICAL DESCRIPTION
Extent 340 p. ;
Dimensions 22 cm.
650 ## - SUBJECT ADDED ENTRY--TOPICAL TERM
Topical term or geographic name as entry element Bible
General subdivision Study
-- Outlines, Syllabi, etc.
942 ## - ADDED ENTRY ELEMENTS (KOHA)
Source of classification or shelving scheme
Koha item type Books
Copies
Barcode Permanent Location Date acquired Not for loan Source of classification or shelving scheme Full call number Copy number Lost status Koha item type Damaged status Shelving location Price effective from Date last seen Withdrawn status
19269RHEMA Bible Training College2010-04-14  BS 591 .G71 Books General Stacks2010-04-142018-03-12